Learning from law firm leaders / (Record no. 126854)
[ view plain ]
| 000 -LEADER | |
|---|---|
| campo de control de longitud fija | 02565cam a22004818a 4500 |
| 001 - NÚMERO DE CONTROL | |
| campo de control | 17483237 |
| 003 - IDENTIFICADOR DE NÚMERO DE CONTROL | |
| campo de control | BJBSDDR |
| 005 - FECHA Y HORA DE LA ÚLTIMA TRANSACCIÓN | |
| campo de control | 20260420152945.0 |
| 007 - CAMPO FIJO DE DESCRIPCIÓN FÍSICA--INFORMACIÓN GENERAL | |
| campo de control de longitud fija | ta |
| 008 - DATOS DE LONGITUD FIJA--INFORMACIÓN GENERAL | |
| campo de control de longitud fija | 121003s2012 ilu b 001 0 eng |
| 010 ## - NÚMERO DE CONTROL DE LA BIBLIOTECA DEL CONGRESO | |
| Número de control de LC | 2012040282 |
| 020 ## - NÚMERO INTERNACIONAL ESTÁNDAR DEL LIBRO | |
| Número Internacional Estándar del Libro | 9781614387657 |
| 020 ## - NÚMERO INTERNACIONAL ESTÁNDAR DEL LIBRO | |
| Número Internacional Estándar del Libro | 1614387656 |
| 035 ## - NÚMERO DE CONTROL DEL SISTEMA | |
| Número de control de sistema | 17483237 |
| 040 ## - FUENTE DE CATALOGACIÓN | |
| Centro catalogador/agencia de origen | DLC |
| Centro/agencia transcriptor | DLC |
| Lengua de catalogación | eng |
| 041 ## - CÓDIGO DE IDIOMA | |
| Código de lengua del texto/banda sonora o título independiente | eng |
| 042 ## - CÓDIGO DE AUTENTICACIÓN | |
| Código de autenticación | pcc |
| 043 ## - CÓDIGO DE ÁREA GEOGRÁFICA | |
| Código de área geográfica | n-us--- |
| 050 00 - SIGNATURA TOPOGRÁFICA DE LA BIBLIOTECA DEL CONGRESO | |
| Número de clasificación | KF318 |
| Número de ítem | M268l 2012 |
| 082 00 - NÚMERO DE LA CLASIFICACIÓN DECIMAL DEWEY | |
| Número de clasificación | 340.068/4 |
| Número de edición | 23 |
| 100 1# - ENTRADA PRINCIPAL--NOMBRE DE PERSONA | |
| Nombre de persona | Manch, Susan G |
| 9 (RLIN) | 47617 |
| 245 10 - MENCIÓN DEL TÍTULO | |
| Título | Learning from law firm leaders / |
| Mención de responsabilidad, etc. | Susan Manch ; Michelle C. Nash. |
| 260 ## - PUBLICACIÓN, DISTRIBUCIÓN, ETC. | |
| Lugar de publicación, distribución, etc. | Chicago, Ill. : |
| Nombre del editor, distribuidor, etc. | American Bar Association, |
| Fecha de publicación, distribución, etc. | c2012. |
| 263 ## - FECHA PROYECTADA DE PUBLICACIÓN | |
| Fecha proyectada de publicación | 1211 |
| 300 ## - DESCRIPCIÓN FÍSICA | |
| Extensión | 259 paginas ; |
| Dimensiones | 24 cm |
| 336 ## - TIPO DE CONTENIDO | |
| Término de tipo de contenido | text |
| Código de tipo de contenido | txt |
| Fuente | rdacontent |
| 337 ## - TIPO DE MEDIO | |
| Nombre/término del tipo de medio | unmediated |
| Código del tipo de medio | n |
| Fuente | rdamedia |
| 338 ## - TIPO DE SOPORTE | |
| Nombre/término del tipo de soporte | volume |
| Código del tipo de soporte | nc |
| Fuente | rdacarrier |
| 504 ## - NOTA DE BIBLIOGRAFÍA, ETC. | |
| Nota de bibliografía, etc. | Includes bibliographical references and index. |
| 505 0# - NOTA DE CONTENIDO CON FORMATO | |
| Nota de contenido con formato | Introduction: learning from law firm leaders -- Followership: looking at leadership through a different lens -- Motivation to lead -- Paths to leadership -- The core competencies of leadership -- Knowledge and skill mastery and openness to learning -- Effective communication and interpersonal style -- Mentorship -- Vision -- Leadership and diversity -- Succession planning -- A model leadership development program -- Advice for next-generation leaders and their firms -- Concluding thoughts. |
| 520 ## - RESUMEN, ETC. | |
| Sumario, etc. | Learning from Law Firm Leaders imparts what these legal professionals learned from their experiences; and allow you to expand your own thinking on the topic of leadership. The book aims to crystallize views on a number of relevant aspects of leadership that have not been discussed in great depth in the current literature on leadership. You'll find information on the perceived leadership deficit as the Baby Boomer generation approaches retirement and how the next generation of leaders will be prepared to meet the challenges of changing markets and client demands. |
| 650 #0 - PUNTO DE ACCESO ADICIONAL DE MATERIA--TÉRMINO DE MATERIA | |
| Término de materia o nombre geográfico como elemento de entrada | Law offices |
| Subdivisión geográfica | United States |
| Subdivisión general | Personnel management. |
| 650 #0 - PUNTO DE ACCESO ADICIONAL DE MATERIA--TÉRMINO DE MATERIA | |
| Término de materia o nombre geográfico como elemento de entrada | Leadership |
| Subdivisión general | Psychological aspects. |
| 650 #0 - PUNTO DE ACCESO ADICIONAL DE MATERIA--TÉRMINO DE MATERIA | |
| Término de materia o nombre geográfico como elemento de entrada | Lawyers |
| Subdivisión geográfica | United States |
| Subdivisión general | Psychology. |
| 650 #0 - PUNTO DE ACCESO ADICIONAL DE MATERIA--TÉRMINO DE MATERIA | |
| Término de materia o nombre geográfico como elemento de entrada | Practice of law |
| Subdivisión geográfica | United States |
| Subdivisión general | Psychological aspects. |
| 650 #0 - PUNTO DE ACCESO ADICIONAL DE MATERIA--TÉRMINO DE MATERIA | |
| Término de materia o nombre geográfico como elemento de entrada | Law firms |
| Subdivisión general | Social aspects |
| Subdivisión geográfica | United States. |
| 700 1# - ENTRADA AGREGADA--NOMBRE PERSONAL | |
| Nombre de persona | Nash, Michelle C |
| 9 (RLIN) | 48017 |
| 906 ## - ELEMENTOS DE DATOS F LOCAL, LDF (RLIN) | |
| a | 7 |
| b | cbc |
| c | orignew |
| d | 1 |
| e | ecip |
| f | 20 |
| g | y-gencatlg |
| 942 ## - ELEMENTOS DE ENTRADA SECUNDARIOS (KOHA) | |
| Fuente del sistema de clasificación o colocación | Clasificación de Library of Congress |
| Suprimir en OPAC | No |
| Tipo de ítem Koha | Libro |
| 946 ## - PROCESAMIENTO DE INFORMACIÓN LOCAL (OCLC) | |
| Iniciales del agente catalogador | rmza |
| Estatus retirado | Estado de pérdida | Fuente del sistema de clasificación o colocación | Estado de daño | No para préstamo | Colección | Biblioteca de origen | Biblioteca actual | Ubicación en estantería | Fecha de adquisición | Signatura topográfica completa | Código de barras | Visto por última vez | Copia número | Tipo de ítem Koha |
|---|---|---|---|---|---|---|---|---|---|---|---|---|---|---|
| Clasificación de Library of Congress | Automatización y Procesos Técnicos | Biblioteca Juan Bosch | Biblioteca Juan Bosch | Automatización y Procesos Técnicos (1er. Piso) | 20/04/2026 | KF318 M268l 2012 | 00000183836 | 20/04/2026 | 1 | Libro |
